Sports Quiz

Random Sports or WWE Quiz

Five Appearances in the PWI 500's Top 10 Quiz Stats

 Plays Quiz not verified by Sporcle

Score 0/18 Timer 05:00
0 Plays Today
% Correct
John Cena
100%
Triple H
97.9%
Kurt Angle
97.6%
'Stone Cold' Steve Austin
97.6%
The Undertaker
97.3%
Shawn Michaels
97.3%
Randy Orton
96.4%
Chris Jericho
96.1%
Sting
96.1%
% Correct
Edge
95.8%
Ric Flair
94.3%
AJ Styles
92.9%
CM Punk
92.9%
Shinsuke Nakamura
88%
Roman Reigns
77.8%
Kazuchika Okada
44.4%
Kenta Kobashi
39.3%
Mitsuharu Misawa
36.6%

You're not logged in!

Compare scores with friends on all Sporcle quizzes.
Join for Free
OR
Log In

You Might Also Like...

Show Comments

Extras

Top Quizzes Today


Score Distribution

Your Account Isn't Verified!

In order to create a playlist on Sporcle, you need to verify the email address you used during registration. Go to your Sporcle Settings to finish the process.

Report this User

Report this user for behavior that violates our Community Guidelines.

Details: